000 00600nam a2200193Ia 4500
003 IN-BaIIA
008 211028s9999 xx 000 0 eng d
040 _cIIA Library
080 _a519.2
_bMOO
100 _aMood, Alexander M
_94144
245 0 _aIntroduction to the theory of statistics
_c Alexander M. Mood
250 _a2nd ed.
260 _aNew York
_bMcGraw-Hill
_c1963
300 _axv, 443p.
490 _aMcGraw-Hill Series in Probability and Statistics
650 _aAstronomy and Astrophysics Thesaurus
650 _aStatistics
942 _cBK
999 _c2314
_d2314